Clubs qui ont perdu le plus de finales de la Ligue des Champions - Statistiques

Statistiques générales
  • Ce quiz a été pris 694 fois
  • Le résultat moyen est 10 sur 13
Statistiques - réponses
Nombre de finales perdues Club % Correct
3 FC Barcelone
95%
7 Juventus FC
95%
5 Bayern Munich
93%
3 Real Madrid
92%
2 Inter Milan
91%
2 Liverpool FC
90%
4 AC Milan
87%
2 Manchester United
85%
3 Atlético de Madrid
81%
2 Ajax Amsterdam
72%
5 Benfica Lisbonne
69%
2 Stade de Reims
52%
2 Valence CF
42%
Aucun quiz correspondant
Distribution des résultats
% des personnes avec chaque résultat
Percentile par nombre de réponses
Votre historique - résultats
Vous n’avez pas pris ce quiz